000 01871nam a2200217Ia 4500
003 Ost
005 20260507075621.0
008 260507s9999||||xx |||||||||||||| ||und||
020 _a9789931033080
040 _cfsecg
041 _aara
082 _a310
100 _aجمعة، زكرياء
_eمؤلف
245 0 _aدروس ملخصة وتمارين محلولة في الإحصاء 1 :
_b السنة أولى LMD /
_c زكرياء جمعة
260 _aالجزائر :
_bدار هومة للطباعة والنشر والتوزيع,
_c2018
300 _a214 صفحة؛
_bإيضاحات ؛
_c24 سم
504 _aالمراجع ص.213
520 _aهذا الكتاب عبارة عن مجموعة من التمارين والأعمال الموجهة في مادة الإحصاء I الخاصة بطلاب السنة الأولى جذع مشترك ميدان العلوم الاقتصادية، التجارية وعلوم التسيير بصفة خاصة وكل الطلبة الدارسين لهذه المادة والمهتمين بالاحصاء بصفة عامة. بالاضافة الى وضع الحل التفصيلي لكل تمرين من تمارسين الكتاب ومناقشتها بأسلوب علمي واضح وعبارة بسيطة ومفهومة ، فقد تم إرفاق كل فصل من فصوله بملخص يتضمن تذكيرا بالدرس وأهم ما يحتاجه الطالب في الحل، مما يساعده على المراجعة السريعة واستحضار المعلومة في حينها . وعليه فإننا نعتقد ان هذا الكتاب يعد أداة حقيقية في المساعدة على الإلمام بمبادئ الإحصاء الوصفي والتحضير الجيد لمختلف الإمتحانات التي تخص هذه المادة.
653 _aالإحصاء
942 _cكتاب
999 _c45139
_d45139